000 00403cam a2200169 4500
001 D12219
008 090401t1903 xxu||||| |||| 00| 0 eng d
035 _a(Sirsi) u2057
041 _aeng
100 _aBoyle, Edward
245 4 _aThe law and practice of compensation
260 _aLondon
_bWilliam Clowes and Sons
_c1903
350 _a0
520 _aShelf 113
942 _n0
948 _c04/03/1997
999 _c85725
_d85725